| 000 | 00551nam a2200169Ia 4500 | ||
|---|---|---|---|
| 008 | 220214s9999 xx 000 0 und d | ||
| 100 | _aSmirnoff Nicholas | ||
| 245 | 0 | _aAscorbate biosynthesis and function in photoprotection | |
| 260 |
_bPhysiological Transactions of the Royal Society Series B _c2000 |
||
| 300 | _a1455-1464 | ||
| 650 | _aArabidopsis thaliana vtc mutants | ||
| 650 | _aChlorophyll fluorescence | ||
| 650 | _aL-galactono-1,4-lactone dehydrogenase | ||
| 650 | _aNon-photochemical quenching | ||
| 650 | _aVitamin C | ||
| 942 | _cRE | ||
| 999 |
_c45909 _d45909 |
||